00370nam a2200157Ia 4500003000400000005001700004008004100021040000700062041000800069082001900077100002300096245003100119260003600150300001300186365001300199OSt20230509162434.0210423s1973 xx 000 0 und d cAL aeng a301 223bGISF aGISBERT (Pascual). aFundamentals of sociology. aHyderabadbOrient Longmanc1973 av,26bPB b160cINR